| 000 | 01008cam a2200301 i 4500 | ||
|---|---|---|---|
| 999 |
_c3864 _d3864 |
||
| 001 | 431877 | ||
| 003 | OSt | ||
| 005 | 20241112111457.0 | ||
| 008 | 240717r20212020enka j 000 1 eng d | ||
| 020 |
_a9781035033539 _q(pbk.) : |
||
| 040 |
_a臺東縣政府文化處 _beng _c臺東縣政府文化處 _eAACR2 _dKH8 |
||
| 041 | 0 | _aeng | |
| 042 | _anbic | ||
| 082 | 0 | _a823.92 GRI | |
| 100 | 1 |
_aGriffiths, Andy, _d1961- _eaut. |
|
| 245 | 1 | 4 |
_aThe 130-story treehouse / _cby Andy Griffiths & Terry Denton. |
| 250 | _aPbk. ed. | ||
| 260 |
_aLondon : _bMacmillan Children's Books, _c2021, c2020. |
||
| 300 |
_a314 p. : _bill. ; _c20 cm. |
||
| 500 | _a"First published 2020 in Pan by Pan Macmillan Australia Pty Limited"--T.p. verso. | ||
| 500 | _aOriginally published: 2020. | ||
| 650 | 0 |
_aTree houses _vJuvenile fiction. |
|
| 650 | 0 |
_aImagination _vJuvenile fiction. |
|
| 650 | 0 |
_aAuthors _vJuvenile fiction. |
|
| 650 | 0 |
_aIllustrators _vJuvenile fiction. |
|
| 700 | 1 |
_aDenton, Terry, _eill. |
|
| 942 |
_2ddc _cFIC |
||